000 00401nam a2200181Ia 4500
005 20240823060724.0
008 240823s9999||||xx |||||||||||||| ||und||
041 _aENGLISH
082 _A823.914 Q6
100 _aRuskin Bond
245 0 _aCrazy Times with Uncle Ken
250 _a1st
260 _c2016
_bPuffin
500 _aYES
650 _aNovel
_bEnglish
942 _cBK
999 _c231812
_d231812